| 000 | 01487nam a22004097a 4500 | ||
|---|---|---|---|
| 003 | CHAP | ||
| 005 | 20220329133121.0 | ||
| 008 | 971013s1991 r 00010 d | ||
| 010 | _a2345 | ||
| 011 | _a3317 | ||
| 035 | _a2517 | ||
| 040 | _cCHAP | ||
| 090 | _aTesis | ||
| 100 | 0 | 0 |
_aRodríguez Martínez, Ramón. _998682 |
| 245 | _aParasitoidismo y preferencia de Diachasminorpha longicaudata (ASHMEAD) (Hymenoptera: Braconidae) en tres especies de Anastrepha schiner (Diptera: Tephritidaea) | ||
| 260 |
_aMontecillo, Méx. : _bEl Autor, _c1991 |
||
| 300 |
_a117 h. _b: ilus. |
||
| 500 | _aD45-128 | ||
| 502 | _aTesis (M.C. Esp. en Entomología) -- C.P. Centro de Entomología y Acarología | ||
| 590 |
_aALEPH _b10 _c20130110 _lUCH01 _h1212 |
||
| 590 |
_aBATCH-UPD _b10 _c20130109 _lUCH01 _h2318 |
||
| 590 |
_aBATCH-UPD _b10 _c20130110 _lUCH01 _h0311 |
||
| 590 |
_aBATCH-UPD _b10 _c20130110 _lUCH01 _h1626 |
||
| 590 |
_aBATCH-UPD _b10 _c20130409 _lUCH01 _h1839 |
||
| 590 |
_aBATCH-UPD _b10 _c20130410 _lUCH01 _h1420 |
||
| 590 |
_aBATCH-UPD _b10 _c20130914 _lUCH01 _h1201 |
||
| 590 |
_aCONVERSION _b10 _c20130109 _lUCH01 _h1303 |
||
| 650 | 1 | 4 |
_aAnastrepha. _95486 |
| 650 | 1 | 4 |
_aDiachasmimorpha longicaudatus. _932389 |
| 650 | 1 | 4 |
_aFruta _xPlagas. _943646 |
| 650 | 1 | 4 |
_aInteracción huésped-parásito. _959512 |
| 650 | 1 | 4 |
_aMosca de la fruta. _978989 |
| 901 | _aBK | ||
| 942 | _cFOLL | ||
| 949 |
_bBC _cTES _d-12018 _eTS1 _h24375 _i2517 _si |
||
| 949 |
_bBC _cTES _d-69803 _eTS2 _fc.2 _h24376 _i2517 _si |
||
| 999 |
_c2345 _d2345 |
||